Allied accountants.
| Format: | Book |
|---|---|
| Published: |
Cairo:
Andersen Worldwide,
[199-].
|
| Subjects: |
| LEADER | 00420cam a2200157 7i4500 | ||
|---|---|---|---|
| 001 | 0000005705 | ||
| 005 | 19991025090000.0 | ||
| 002 | ##000007346 | ||
| 020 | 0 | 0 | |a T000005715 |
| 090 | 0 | 0 | |a EGPT 657.092 |b ALL |
| 245 | 0 | 0 | |a Allied accountants. |
| 260 | 0 | 0 | |a Cairo: |b Andersen Worldwide, |c [199-]. |
| 300 | 0 | 0 | |a 19 p.. |
| 650 | 0 | 0 | |a Arthur Andersen -- |z Egypt |
| 651 | 0 | 0 | |a Egypt |
| 999 | |a 0000007938 |b Book |c Open shelf |e Business Information Centre | ||